00451nam a2200181 a 4500001001300000003000900013005001700022008004100039020001000080082001600090100002300106245002400129260003800153300000900191500003500200650001100235700002300246nice12345678IN_TiNIC20260116011347.0050524s1880 laha grp 000 0 urd  ac10000a297.4bHAN1 aHanbali, Ibn Rajab aMahasinul Muhsineen aLahorebKareemi Steam Pressc1880 a884p aincludes index and biblioraphy aSufism1 aHanbali, Ibn Rajab